Argentyna czy Brazylia? - Statystyki

Ogólne statystyki
  • Ten quiz został rozwiązany 33 razy
  • Średni wynik to 13 z 15
Statystyki odpowiedzi
Hint Odpowiedź % Poprawnych
Ma większą powierzchnię Brazylia
100%
Leży w Ameryce Południowej Oba
100%
Mieszka w nim więcej ludzi Brazylia
93%
Więcej razy wygrało Mistrzostwa Świata Brazylia
93%
Ma słońce na fladze Argentyna
90%
Jest położone bardziej na południe Argentyna
87%
Stąd jest Lionel Messi Argentyna
87%
Graniczy z Kolumbią Brazylia
87%
Przez to państwo przepływa dłuższa rzeka Brazylia
87%
Ma literę A w nazwie Oba
87%
Stąd jest Diego Armando Maradona Argentyna
83%
Ma większą górę Argentyna
80%
Miasto tego państwa jest większe niż jego stolica Brazylia
77%
Graniczy z Urugwajem Oba
70%
W tym państwie jest miasto Santa Fe Argentyna
60%
Nie znaleziono quizów pasujących do podanych kryteriów
Rozkład punktacji
Procent ludzi z każdym wynikiem
Percentyl według liczby udzielonych odpowiedzi
Twoja historia wyników
Nie rozwiązałeś tego quizu